000
00288nam a2200109Ia 4500
008
180309s9999 xx 000 0 und d
020
_a
9789351154273
245
_a
Office secretaryship /
260
_a
UAE :
_b
2015
_c
3G elearning pub
300
_a
vii, 274 pages
650
_a
Office practice
999
_c
356154
_d
356154